It looks like you're offline.
Open Library logo
additional options menu

MARC record from Internet Archive

LEADER: 00692cam a22002171 4500
001 67015697
003 DLC
005 20000404174906.0
008 850828s1967 mnua j 000 1 eng
010 $a 67015697
040 $aDLC$cDLC$dDLC
042 $alcac
050 00 $aPZ7.D2953$bPo
082 00 $a[Fic]$219
100 1 $aDavis, Mary Lee,$d1935-
245 10 $aPolly and the President,$cby Mary L. Davis. Illustrated by Jan Jackson.
260 $aMinneapolis,$bLerner Publications Co.$c[1967]
300 $a[32] p.$bcol. illus.$c24 cm.
520 $aA young girl visiting Washington, D.C. takes a special present to the President.
650 1 $aPresidents$xFiction.
700 1 $aJackson, Jan,$eillus.